LDR 00664nam a2200157 i 4500 001 000000029708 003 CaOOAMICUS 005 20180830125448.0 008 180830s1979 it d u000 u ita u 040 $aSeMil$bita 100 1 $aCarbonell, Sebastián.$0(OLS)http://semarc/name/2619 245 10$aDizionario fraseologico completo Italiano-Spagnolo e Spagnolo-Italiano /$cS. Carbonell. 260 $aMilano :$bEditore Ulrico Hoepli,$ccopyr. 1979. 300 $a2 v. ;$c220 cm. 996 $6245$aDizionario fraseologico completo Italiano-Spagnolo e Spagnolo-Italiano$9(OLS)http://semarc/title/40386 996 $6260$aMilano :$bEditore Ulrico Hoepli$9(OLS)http://semarc/publisher/38190